各都道府県で最も面積が小さい市 - Statistics

General Stats
  • This quiz has been taken 373 times
  • The average score is 24 of 47
Answer Stats
順位 都道府県 面積 % Correct
1 埼玉県 蕨市 5.11
95%
3 京都府 向日市 7.72
80%
2 東京都 狛江市 6.39
79%
6 石川県 野々市市 13.56
74%
9 千葉県 浦安市 17.25
70%
15 鳥取県 境港市 29.11
70%
12 兵庫県 芦屋市 18.47
64%
16 山梨県 中央市 31.69
59%
8 奈良県 大和高田市 16.48
58%
11 宮城県 塩竈市 17.37
58%
10 神奈川県 逗子市 17.28
57%
7 福岡県 春日市 14.15
56%
28 佐賀県 鳥栖市 71.72
55%
21 滋賀県 栗東市 52.69
53%
13 沖縄県 豊見城市 19.33
52%
19 香川県 善通寺市 39.93
51%
24 北海道 歌志内市 55.95
51%
18 和歌山県 有田市 36.83
50%
20 徳島県 小松島市 45.37
50%
25 群馬県 館林市 60.97
50%
26 静岡県 熱海市 61.77
50%
41 三重県 鳥羽市 107.34
50%
4 大阪府 藤井寺市 8.89
49%
5 愛知県 岩倉市 10.47
49%
23 富山県 滑川市 54.62
48%
35 福井県 鯖江市 84.59
48%
46 島根県 江津市 268.24
47%
14 岐阜県 瑞穂市 28.19
45%
27 岡山県 浅口市 66.46
45%
32 広島県 大竹市 78.66
45%
33 大分県 津久見市 79.48
45%
38 山口県 下松市 89.34
43%
40 秋田県 潟上市 97.72
43%
17 茨城県 守谷市 35.71
42%
29 栃木県 下野市 74.59
42%
43 青森県 三沢市 119.39
42%
47 宮崎県 えびの市 282.93
42%
22 熊本県 合志市 53.19
41%
31 新潟県 見附市 77.91
41%
45 岩手県 滝沢市 182.46
41%
34 長崎県 島原市 82.96
40%
39 高知県 土佐市 91.50
40%
37 福島県 本宮市 88.02
39%
42 山形県 天童市 113.02
39%
44 愛媛県 八幡浜市 132.65
38%
30 鹿児島県 枕崎市 74.78
37%
36 長野県 岡谷市 85.10
34%
No matching quizzes found
Score Distribution
Percent of People with Each Score
Percentile by Number Answered
Your Score History
You have not taken this quiz